[Event "SR 3. liga A2 2009/2010"]
[Site "?"]
[Date "2009.10.18"]
[Round "1.2"]
[White "Csiba, Peter"]
[Black "Manak, Jozef"]
[Result "1-0"]
[WhiteElo "2104"]
[BlackElo "2017"]
[PlyCount "45"]
[EventDate "2009.??.??"]

1. e4 c5 2. Nf3 a6 3. c3 d5 4. exd5 Qxd5 5. d4 e6 6. Bd3 Nf6 7. O-O Be7 8. Nbd2
cxd4 9. cxd4 Nc6 10. Nc4 Nd7 11. Re1 Nb4 12. Ne3 Qd6 13. Be4 Nb6 14. Ne5 Nc6
15. N3c4 Nxc4 16. Nxc4 Qb4 17. b3 a5 18. Ba3 Qb5 19. Bxe7 Kxe7 20. Qg4 g6 21.
d5 Rd8 22. Qg5+ Kd7 23. dxe6+ 1-0

[Event "SR 3. liga A2 2009/2010"]
[Site "?"]
[Date "2009.10.18"]
[Round "1.3"]
[White "Mihalik, Anton"]
[Black "Merva, Frantisek"]
[Result "1/2-1/2"]
[WhiteElo "1961"]
[BlackElo "2053"]
[PlyCount "104"]
[EventDate "2009.??.??"]

1. e4 c5 2. Nc3 d6 3. g3 Nc6 4. Bg2 Nf6 5. d3 Nd4 6. h3 Bd7 7. Nge2 Qc8 8. Be3
e5 9. f4 Qc7 10. O-O Rc8 11. Nd5 Nxd5 12. exd5 f5 13. c3 Nxe2+ 14. Qxe2 Be7 15.
Qh5+ g6 16. Qf3 O-O 17. Rae1 Bf6 18. Qe2 b6 19. c4 Rce8 20. Qd2 Rf7 21. Re2
Rfe7 22. Rfe1 exf4 23. Bxf4 Rxe2 24. Rxe2 Rxe2 25. Qxe2 g5 26. Be3 Qd8 27. Qf2
Qe7 28. d4 h6 29. dxc5 bxc5 30. b4 cxb4 31. Bxa7 Qe5 32. Be3 Qc3 33. Bf1 Be5
34. Kh2 Kg7 35. Qd2 Qa3 36. Qf2 Qc3 37. Qd2 Bxg3+ 38. Kxg3 f4+ 39. Kf3 Qxe3+
40. Qxe3 fxe3 41. Kxe3 Bf5 42. Kd4 Bb1 43. c5 dxc5+ 44. Kxc5 Bxa2 45. Bc4 Bxc4
46. Kxc4 Kf7 47. Kxb4 h5 48. Kc5 g4 49. hxg4 h4 50. d6 h3 51. g5 h2 52. g6+
Kxg6 1/2-1/2

[Event "SR 3. liga A2 2009/2010"]
[Site "?"]
[Date "2009.10.18"]
[Round "1.4"]
[White "Kolesar, Rastislav"]
[Black "Curidlo, Jan"]
[Result "1/2-1/2"]
[WhiteElo "2012"]
[BlackElo "1938"]
[PlyCount "117"]
[EventDate "2009.??.??"]

1. e4 d5 2. exd5 Qxd5 3. Nc3 Qa5 4. d4 Nf6 5. Nf3 c6 6. Bc4 Bf5 7. Bd2 Qc7 8.
Ne5 e6 9. g4 Bg6 10. h4 Be4 11. Nxe4 Nxe4 12. Qe2 Nd6 13. Bb3 Na6 14. Bf4 Qe7
15. Nxc6 bxc6 16. Qxa6 Qb7 17. Qxb7 Nxb7 18. O-O Be7 19. Bg3 Bd6 20. Bxd6 Nxd6
21. Rfe1 Kd7 22. c4 Rab8 23. Re2 Ne8 24. d5 Nc7 25. dxc6+ Kxc6 26. Rd1 Rhd8 27.
Red2 Rxd2 28. Rxd2 Rb4 29. f3 a5 30. Bc2 Rxc4 31. Bxh7 Nd5 32. Be4 Kc5 33. Bxd5
exd5 34. Kf2 d4 35. f4 Kd5 36. Kf3 Rc1 37. h5 Rh1 38. f5 f6 39. Rc2 Rf1+ 40.
Rf2 Re1 41. Re2 Rf1+ 42. Kg2 Rb1 43. g5 d3 44. Rf2 Rc1 45. h6 gxh6 46. gxh6 Rc8
47. Kf3 Kd4 48. h7 Rh8 49. Rh2 a4 50. Kf4 a3 51. bxa3 Kc3 52. Ke3 Re8+ 53. Kf3
d2 54. Rxd2 Kxd2 55. Kg4 Rh8 56. Kh5 Rxh7+ 57. Kg6 Ra7 58. Kxf6 Ke3 59. Kg6
1/2-1/2

[Event "SR 3. liga A2 2009/2010"]
[Site "?"]
[Date "2009.10.18"]
[Round "1.5"]
[White "Gono, Michal"]
[Black "Obdrzalkova, Anitta"]
[Result "0-1"]
[WhiteElo "1852"]
[BlackElo "2004"]
[PlyCount "79"]
[EventDate "2009.??.??"]

1. d4 d5 2. c4 c6 3. cxd5 cxd5 4. Nc3 Nf6 5. Nf3 Nc6 6. h3 Bf5 7. Qb3 Na5 8.
Qa4+ Bd7 9. Qc2 Qc7 10. e3 e6 11. Ne5 Rc8 12. Bd3 a6 13. O-O Bd6 14. f4 b5 15.
a3 Nc4 16. Bd2 g6 17. Qc1 O-O 18. Ne2 Ne4 19. Bxe4 dxe4 20. Bb4 Qb7 21. Nc3
Bxb4 22. axb4 Rfd8 23. b3 Nd6 24. Qd2 f6 25. Nxd7 Rxd7 26. Rfc1 Rdc7 27. Ne2
Rc6 $11 28. Rxc6 Rxc6 29. Rc1 Rxc1+ 30. Qxc1 Qc8 31. Qc5 Qxc5 32. bxc5 Nf5 33.
Nc3 Kf7 34. Kf2 b4 35. Nxe4 a5 36. c6 Ke7 37. g4 Nd6 38. Nc5 f5 39. c7 Nc8 40.
Ke2 {Time} 0-1

[Event "SR 3. liga A2 2009/2010"]
[Site "?"]
[Date "2009.10.18"]
[Round "1.6"]
[White "Ujhelyi, Matus"]
[Black "Siska, Michal"]
[Result "1-0"]
[WhiteElo "1983"]
[BlackElo "1609"]
[PlyCount "71"]
[EventDate "2009.??.??"]

1. e4 e6 2. d4 d5 3. Nd2 c5 4. Ngf3 Nc6 5. exd5 Qxd5 6. Bc4 Qd8 7. Nb3 cxd4 8.
Nbxd4 Bb4+ 9. c3 Nxd4 10. Nxd4 Be7 11. Bf4 a6 12. Qf3 Qb6 13. O-O Nf6 14. a4
O-O 15. Rfe1 Bd6 16. Bg5 Nd7 17. Bd3 Nc5 18. Bc2 e5 19. a5 Qc7 20. Nf5 Bxf5 21.
Qxf5 e4 22. h3 g6 23. Qf6 Be5 24. Qe7 Rfe8 25. Qxc7 Bxc7 26. b4 Ne6 27. Bf6
Rac8 28. Bxe4 Bd6 29. Bxb7 Rc7 30. Bxa6 Be7 31. Be5 Ra7 32. Bc4 Bg5 33. Bxe6
Rxe6 34. Bd4 Rxe1+ 35. Rxe1 Rc7 36. Re8# 1-0

[Event "SR 3. liga A2 2009/2010"]
[Site "?"]
[Date "2009.10.18"]
[Round "1.7"]
[White "Gubis, Vladimir"]
[Black "Takacs, Laszlo"]
[Result "1/2-1/2"]
[WhiteElo "1786"]
[BlackElo "1838"]
[PlyCount "99"]
[EventDate "2009.??.??"]

1. d4 Nf6 2. c4 g6 3. Nc3 Bg7 4. e4 d6 5. f3 O-O 6. Be3 Nbd7 7. Bd3 e5 8. Nge2
Nh5 9. Qd2 exd4 10. Nxd4 Ne5 11. Be2 a6 12. O-O-O Bd7 13. g4 Nf6 14. h3 b5 15.
cxb5 axb5 16. Ndxb5 Bxb5 17. Bxb5 Nxf3 18. Qf2 Ne5 19. Bd4 Qe7 20. Rhe1 Rfb8
21. Qe2 h5 22. gxh5 Nxh5 23. Kb1 c6 24. Ba4 c5 25. Bxe5 Bxe5 26. Bb3 Nf4 27.
Qc4 Rb4 28. Nd5 Nxd5 29. Qxd5 Rab8 30. Rc1 Rd4 31. Qc6 Rd2 32. Rc2 Rxc2 33.
Kxc2 Rb4 34. a3 Rd4 35. Rf1 Bf6 36. Bd5 Qe5 37. Qb7 Rxd5 38. Qxd5 Qxb2+ 39. Kd1
Qb1+ 40. Ke2 Qb5+ 41. Qd3 Qb2+ 42. Kd1 Bd4 43. Rf3 Qb7 44. Qb3 Qa7 45. Qb5 Qe7
46. Qc4 Kg7 47. Qd5 f6 48. Rb3 Kh6 49. Rb7 Qe8 50. Kc2 $11 1/2-1/2

[Event "SR 3. liga A2 2009/2010"]
[Site "?"]
[Date "2009.10.18"]
[Round "1.8"]
[White "Kahancova, Jana"]
[Black "Nemsak, Denis"]
[Result "0-1"]
[WhiteElo "1575"]
[BlackElo "1645"]
[PlyCount "94"]
[EventDate "2009.??.??"]

1. e4 d5 2. exd5 Nf6 3. Nc3 Nxd5 4. Nxd5 Qxd5 5. Nf3 Bg4 6. Be2 Nc6 7. d3 O-O-O
8. Be3 e5 9. h3 Bh5 10. a3 Be7 11. Qd2 e4 12. dxe4 Qxe4 13. Qc1 h6 14. O-O Bg6
15. Bd3 Qe6 16. Bxg6 Qxg6 17. Re1 Qf5 18. Nd4 Nxd4 19. Bxd4 Bg5 20. Be3 Rd6 21.
Bxg5 hxg5 22. Qe3 b6 23. Qe5 Qg6 24. c3 g4 25. hxg4 Qxg4 26. Qe4 Qh5 27. f3 Rd2
28. Qg4+ Qxg4 29. fxg4 Rxb2 30. Re7 Rh4 31. Rxf7 Rxg4 32. Rf2 Rb3 33. Rf3 Rc4
34. Kf2 Rcxc3 35. Rxc3 Rxc3 36. g3 g5 37. a4 a5 38. Kg2 g4 39. Rf1 Rc4 40. Rf4
Rb4 41. Kf2 Kb7 42. Ke2 Ka6 43. Kd2 c6 44. Rxb4 axb4 45. Kc2 Ka5 46. Kb3 c5 47.
Kb2 Kxa4 0-1

[Event "SR 3. liga A2 2009/2010"]
[Site "?"]
[Date "2009.10.18"]
[Round "1.1"]
[White "Lukac, Tomas"]
[Black "Meszaros, Lorant"]
[Result "1-0"]
[WhiteElo "1932"]
[BlackElo "2119"]
[PlyCount "77"]
[EventDate "2009.??.??"]

1. e4 c5 2. Nf3 a6 3. c3 d5 4. exd5 Qxd5 5. d4 Nc6 6. dxc5 Qxd1+ 7. Kxd1 Bg4 8.
Be3 Bxf3+ 9. gxf3 g6 10. Nd2 Bg7 11. Kc2 Nf6 12. Rd1 O-O 13. Ne4 Rfd8 14. Nxf6+
Bxf6 15. Be2 Kf8 16. f4 e6 17. Rxd8+ Bxd8 18. Rd1 Ke7 19. b4 Bc7 20. Bf3 e5 21.
fxe5 Bxe5 22. Re1 Kd7 23. Bd4 Bxh2 24. Rh1 Bf4 25. Rxh7 Ke6 26. Kd3 Rd8 27. Kc4
Bd2 28. Rh4 Rd7 29. Re4+ Kf5 30. Bg4+ Kxe4 31. Bxd7 Be1 32. Be8 g5 33. Bxf7 Ne7
34. Bf6 Nf5 35. Bxg5 Bxf2 36. Bd5+ Ke5 37. Bxb7 a5 38. b5 Ng7 39. Bd8 1-0

[Event "SR 3. liga A2 2009/2010"]
[Site "?"]
[Date "2009.10.18"]
[Round "1.2"]
[White "Szitasi, Janos"]
[Black "Pagac, Robert"]
[Result "1/2-1/2"]
[WhiteElo "2005"]
[BlackElo "1830"]
[PlyCount "74"]
[EventDate "2009.??.??"]

1. e4 e5 2. Nf3 Nc6 3. Bb5 a6 4. Ba4 Nf6 5. d3 b5 6. Bb3 Bc5 7. O-O h6 8. c3 d6
9. h3 Be6 10. Bc2 Ba7 11. d4 Bd7 12. Re1 O-O 13. a4 Qc8 14. Be3 exd4 15. Nxd4
Nxd4 16. Bxd4 Bxd4 17. cxd4 bxa4 18. e5 Nh7 19. Qd3 g6 20. Qc4 Kg7 21. Nc3 Ng5
22. h4 Ne6 23. d5 Nc5 24. exd6 cxd6 25. Qd4+ Kg8 26. Qf4 Bf5 27. Bxf5 Qxf5 28.
Qxf5 gxf5 29. Nxa4 Nxa4 30. Rxa4 Rfb8 31. Rea1 Rb6 32. b4 Kg7 33. Rc1 Rb5 34.
Rd1 a5 35. bxa5 Raxa5 36. Rxa5 Rxa5 37. f4 Ra2 1/2-1/2

[Event "SR 3. liga A2 2009/2010"]
[Site "?"]
[Date "2009.10.18"]
[Round "1.3"]
[White "Brisudova, Veronika"]
[Black "Kosar, Mikulas"]
[Result "0-1"]
[WhiteElo "1737"]
[BlackElo "1876"]
[PlyCount "88"]
[EventDate "2009.??.??"]

1. e4 d5 2. exd5 Nf6 3. Nc3 Nxd5 4. Nf3 Bg4 5. h3 Bh5 6. Bc4 Nxc3 7. bxc3 e6 8.
O-O Be7 9. Rb1 b6 10. d4 c6 11. Re1 Nd7 12. Qe2 Nf6 13. Bg5 Nd5 14. Bxd5 cxd5
15. Bxe7 Qxe7 16. c4 Bxf3 17. Qxf3 Rd8 $11 18. Rbd1 dxc4 19. Qc6+ Qd7 20. Qxc4
O-O 21. c3 Rc8 22. Qd3 Qc6 23. Re3 Qc4 24. Qxc4 Rxc4 25. d5 exd5 26. Rxd5 Rc7
27. Kf1 Rfc8 28. Red3 Kf8 29. Rd8+ Rxd8 30. Rxd8+ Ke7 31. Rd3 Rc5 32. Ke2 Ra5
33. Rd2 Ke6 34. Ke3 Re5+ 35. Kf3 Rc5 36. Rd3 Ra5 37. Re3+ Kd7 38. Re2 Ra3 39.
Rc2 Kc6 40. Ke2 Kc5 41. Kd3 b5 42. Rb2 a5 43. Re2 b4 44. Re5+ Kd6 0-1

[Event "SR 3. liga A2 2009/2010"]
[Site "?"]
[Date "2009.10.18"]
[Round "1.4"]
[White "Szekely, Stefan"]
[Black "Harasta, Juraj"]
[Result "1-0"]
[WhiteElo "1984"]
[BlackElo "1688"]
[PlyCount "45"]
[EventDate "2009.??.??"]

1. c4 c5 2. Nc3 g6 3. Nf3 Bg7 4. g3 d6 5. Bg2 Nc6 6. O-O Nf6 7. d4 cxd4 8. Nxd4
Bd7 9. Nxc6 Bxc6 10. Nd5 Bxd5 11. cxd5 O-O 12. Qb3 Qd7 13. Bd2 Rfc8 14. Rac1 b6
15. Bf3 Qf5 16. Be3 Nd7 17. Rxc8+ Rxc8 18. Qa4 Rc7 19. Bg4 b5 20. Qa5 Qxg4 21.
Qxc7 Bxb2 22. Qc2 Bd4 23. h3 1-0

[Event "SR 3. liga A2 2009/2010"]
[Site "?"]
[Date "2009.10.18"]
[Round "1.5"]
[White "Harastova, Viera"]
[Black "Both, Lajos"]
[Result "1-0"]
[WhiteElo "1651"]
[BlackElo "1904"]
[PlyCount "146"]
[EventDate "2009.??.??"]

1. d4 Nf6 2. c4 e6 3. Nc3 b6 4. Nf3 Bb7 5. e3 d5 6. cxd5 exd5 7. Be2 Be7 8. O-O
O-O 9. b3 Nbd7 10. Bb2 c5 11. Rc1 Rc8 12. dxc5 bxc5 13. Qd2 Nb6 14. Rfd1 a6 15.
Rc2 Qc7 16. Rdc1 Rfd8 17. Qe1 Bd6 18. Nb1 Nbd7 19. Nbd2 Qb6 20. Bc3 Re8 21. Nf1
Ne4 22. Ba1 Ndf6 23. N1d2 Qd8 24. Nxe4 Nxe4 25. Nd2 Qh4 26. g3 Qe7 27. Bf3 Ng5
28. Bg2 d4 29. Nc4 Bxg2 30. Kxg2 Qe4+ 31. Kf1 Bb8 32. Nd2 Qh1+ 33. Ke2 Qd5 34.
Rc4 dxe3 35. fxe3 Qe6 36. Qf2 Bd6 37. Rf1 f6 38. Rc3 Be5 39. Rc4 Bxa1 40. Rxa1
Qe5 41. Rac1 Ne6 42. Nf3 Qd5 43. Rd1 Qc6 44. Rd3 Red8 45. Rxd8+ Rxd8 46. Nd4
Nxd4+ 47. exd4 Qe4+ 48. Qe3 Qg2+ 49. Kd3 Qf1+ 50. Qe2 Qf5+ 51. Qe4 Qc8 52. Kc3
cxd4+ 53. Qxd4 Qb8 54. Qe4 Qd6 55. Rd4 Qc5+ 56. Rc4 Qa5+ 57. Kb2 Rd2+ 58. Kc1
Rd8 59. Kb2 Qd2+ 60. Rc2 Qd7 61. Qc4+ Kh8 62. Qxa6 Qd4+ 63. Rc3 h5 64. Qc4 Qe5
65. Qf4 Qa5 66. Rc2 Ra8 67. a4 Rd8 68. Qe4 f5 69. Qe2 g6 70. Qe7 Qb6 71. Qe5+
Kg8 72. Rc7 Qd4+ 73. Qxd4 Rxd4 1-0

[Event "SR 3. liga A2 2009/2010"]
[Site "?"]
[Date "2009.10.18"]
[Round "1.6"]
[White "Arpa, Zoltan"]
[Black "Harasta, Marian"]
[Result "1-0"]
[WhiteElo "1847"]
[BlackElo "1608"]
[PlyCount "111"]
[EventDate "2009.??.??"]

1. d4 d5 2. c4 e6 3. Nc3 Nf6 4. Bg5 Bb4 5. Bxf6 Bxc3+ 6. bxc3 Qxf6 7. cxd5 exd5
8. e3 O-O 9. Qf3 Qc6 10. Ne2 Nd7 11. g3 Nf6 12. Bg2 Bg4 13. Qf4 Bxe2 14. Kxe2
Qxc3 15. Rhc1 Qb2+ 16. Kf1 Qb5+ 17. Kg1 c6 18. Rcb1 Qa6 19. Bf1 b5 20. a4 Qc8
21. axb5 c5 22. dxc5 Qxc5 23. Rc1 Qe7 24. Rc7 Qe4 25. Qxe4 dxe4 26. Raxa7 Rxa7
27. Rxa7 Rb8 28. b6 Nd5 29. b7 Nc7 30. Bc4 Kf8 31. Bd5 f5 32. Ra8 Nxa8 33.
bxa8=Q Rxa8 34. Bxa8 Kf7 35. f3 exf3 36. Bxf3 Kf6 37. Kf2 Ke5 38. Bc6 g5 39.
Kf3 h6 40. h3 Ke6 41. Be8 Ke5 42. Bh5 Kd5 43. Bg6 Ke5 44. g4 f4 45. exf4+ gxf4
46. Bh5 Kf6 47. Kxf4 Kg7 48. Kf5 Kh8 49. Kf6 Kg8 50. Kg6 Kh8 51. Kxh6 Kg8 52.
g5 Kh8 53. Bd1 Kg8 54. g6 Kh8 55. g7+ Kg8 56. Bb3# 1-0

[Event "SR 3. liga A2 2009/2010"]
[Site "?"]
[Date "2009.10.18"]
[Round "1.7"]
[White "Berger, Patrik"]
[Black "Kalmar, Tamas"]
[Result "1/2-1/2"]
[WhiteElo "1627"]
[BlackElo "1714"]
[PlyCount "108"]
[EventDate "2009.??.??"]

1. e4 e6 2. d4 d5 3. exd5 exd5 4. Bf4 Nf6 5. Bd3 Bd6 6. Qe2+ Be6 7. Bg5 O-O 8.
Nf3 Re8 9. Ne5 Nbd7 10. f4 Nf8 11. O-O h6 12. Bxf6 Qxf6 13. Qh5 c6 14. g4 Bxe5
15. fxe5 Qg5 16. Qxg5 hxg5 17. Bf5 Nd7 18. Nd2 f6 19. exf6 gxf6 20. Bg6 Re7 21.
Rae1 Kg7 22. Bf5 Rae8 23. Bxe6 Rxe6 24. Kf2 Nf8 25. Nf3 Ng6 26. Rxe6 Rxe6 27.
Re1 Kf7 28. Rxe6 Kxe6 29. Ne1 Nf4 30. Ng2 Ng6 31. Ne1 b6 32. Nd3 Kd6 33. b4 Ne7
34. Kg3 Ng6 35. a4 Ke6 36. Kf3 Nh4+ 37. Kg3 Ng6 38. Kf3 Ne7 39. Ke3 Nc8 40. Nb2
Nd6 41. Kf3 Ne4 42. Ke3 Nd6 43. Kf3 f5 44. h3 Ne4 45. Ke3 Nf6 46. Kf3 fxg4+ 47.
hxg4 Kd6 48. Nd3 Nd7 49. c3 Nf6 50. Ne5 Ne4 51. a5 c5 52. axb6 axb6 53. Ke3 Ke6
54. Kd3 Nf2+ 1/2-1/2

[Event "SR 3. liga A2 2009/2010"]
[Site "?"]
[Date "2009.10.18"]
[Round "1.8"]
[White "Lelkes, Bela"]
[Black "Leska, Marian"]
[Result "1/2-1/2"]
[WhiteElo "1833"]
[BlackElo "1668"]
[PlyCount "89"]
[EventDate "2009.??.??"]

1. e4 e6 2. f4 d5 3. exd5 exd5 4. Qe2+ Qe7 5. d4 Qxe2+ 6. Bxe2 Be6 7. Nf3 Nd7
8. O-O Ngf6 9. Be3 a6 10. Ne5 Bf5 11. c3 h5 12. h3 Ne4 13. Kh2 f6 14. Nf3 Bd6
15. Kg1 Ng3 16. Rf2 Nxe2+ 17. Rxe2 O-O-O 18. Bd2 Rde8 19. Rxe8+ Rxe8 20. Na3
Nb6 21. Re1 Re4 22. Rxe4 Bxe4 23. Ne1 Kd7 24. Kf2 Ke6 25. Nac2 Nc8 26. g3 c5
27. dxc5 Bxc5+ 28. Nd4+ Bxd4+ 29. cxd4 Nd6 30. a3 Kf5 31. Nf3 Bc2 32. Bb4 Nc4
33. Bc3 g5 34. fxg5 fxg5 35. Ne5 Nxe5 36. dxe5 Ke4 37. e6 d4 38. e7 Ba4 39. Bd2
g4 40. b3 Bd7 41. h4 Kd3 42. Ke1 Kc2 43. b4 Bb5 44. Bf4 d3 45. Bg5 1/2-1/2

[Event "SR 3. liga A2 2009/2010"]
[Site "?"]
[Date "2009.10.18"]
[Round "1.1"]
[White "Pagerka, Martin"]
[Black "Gasa, Andrej"]
[Result "1/2-1/2"]
[WhiteElo "2097"]
[BlackElo "2220"]
[PlyCount "81"]
[EventDate "2009.??.??"]

1. d4 Nf6 2. Nf3 g6 3. c4 Bg7 4. g3 c6 5. Bg2 O-O 6. O-O d5 7. Nbd2 Nbd7 8. b3
Re8 9. Bb2 Nf8 10. Rc1 Ne4 11. cxd5 cxd5 12. Ne5 f6 13. Nd3 Nxd2 14. Qxd2 e6
15. Rc2 b6 16. Nb4 Bb7 17. Rfc1 a5 18. Nc6 Qd6 19. b4 Ba6 $11 20. bxa5 Bc4 21.
axb6 Rxa2 22. Qb4 Qxb4 23. Nxb4 Ra4 24. Nc6 Nd7 25. b7 Nb8 26. Nxb8 Rxb8 27. e4
Rxb7 28. exd5 Bxd5 29. Rc8+ Bf8 30. Bxd5 exd5 31. Bc3 Kf7 32. Kg2 h5 33. h4 Be7
34. Rc6 Bf8 35. Bd2 Be7 36. Be3 Rab4 37. Ra6 R4b6 38. Rxb6 Rxb6 39. Rc7 Ke6 40.
Kf3 Ra6 41. Rb7 1/2-1/2

[Event "SR 3. liga A2 2009/2010"]
[Site "?"]
[Date "2009.10.18"]
[Round "1.2"]
[White "Sebesta, Radovan"]
[Black "Hecko, Dusan"]
[Result "1/2-1/2"]
[WhiteElo "2086"]
[BlackElo "2115"]
[PlyCount "66"]
[EventDate "2009.??.??"]

1. d4 d6 2. c4 Nd7 3. Nf3 e5 4. dxe5 Nxe5 5. Nxe5 dxe5 6. Qxd8+ Kxd8 7. Nc3 c6
8. e4 Bd6 9. Be3 Nf6 10. Be2 Ke7 11. O-O-O Be6 12. f3 Rhd8 13. Rd2 b6 14. Rhd1
Bb4 15. Rxd8 Rxd8 16. Rxd8 Kxd8 17. Kc2 Nd7 18. a3 Bc5 19. Kd2 Bxe3+ 20. Kxe3
Kc7 21. g3 a5 22. f4 f6 23. b4 axb4 24. axb4 Kd6 25. Na4 $11 g5 26. fxg5 fxg5
27. Nxb6 Nxb6 28. c5+ Kc7 29. cxb6+ Kxb6 30. Kd2 c5 31. Kc3 Kc6 32. Bc4 cxb4+
33. Kxb4 Bg4 $11 1/2-1/2

[Event "SR 3. liga A2 2009/2010"]
[Site "?"]
[Date "2009.10.18"]
[Round "1.3"]
[White "Diviak, Rastislav"]
[Black "Palka, Miroslav"]
[Result "1/2-1/2"]
[WhiteElo "2043"]
[BlackElo "1976"]
[PlyCount "62"]
[EventDate "2009.??.??"]

1. e4 c5 2. Nf3 d6 3. d4 cxd4 4. Nxd4 Nf6 5. Nc3 g6 6. Be3 Bg7 7. Be2 O-O 8.
O-O Nc6 9. Qd2 Ng4 10. Bxg4 Bxg4 11. f3 Bd7 12. Nxc6 bxc6 13. Bd4 Be6 14. Rfd1
f6 15. Ne2 Qc7 16. b3 Rfd8 17. c4 Bf7 18. Rac1 a5 19. Nc3 e6 20. Na4 c5 21. Be3
Be8 22. Rb1 Bc6 23. Bf4 Bf8 24. Kh1 e5 25. Be3 Rdb8 26. Nc3 Qf7 27. a4 f5 28.
Nb5 Rd8 29. Bg5 Rd7 30. Rf1 f4 31. Bh4 h6 $11 1/2-1/2

[Event "SR 3. liga A2 2009/2010"]
[Site "?"]
[Date "2009.10.18"]
[Round "1.4"]
[White "Palka, Martin"]
[Black "Cajka, Tibor"]
[Result "0-1"]
[WhiteElo "1889"]
[BlackElo "1932"]
[PlyCount "70"]
[EventDate "2009.??.??"]

1. e4 c5 2. Nf3 a6 3. d4 cxd4 4. Nxd4 Nf6 5. Nc3 e5 6. Nb3 Bb4 7. Bd3 d5 8.
exd5 Nxd5 9. Bd2 Nxc3 10. bxc3 Be7 11. O-O O-O 12. f4 exf4 13. Rxf4 g6 14. Kh1
Bg5 15. Rf2 Nc6 16. Qf1 Ne5 17. h3 Bxd2 18. Nxd2 Nxd3 19. cxd3 Bf5 20. d4 Rc8
21. Rc1 $11 Qd5 22. Nf3 Rfe8 23. c4 Qd7 24. Rd2 b5 25. cxb5 Rxc1 26. Qxc1 Qxb5
27. Kg1 Qd5 28. Qc3 Rc8 29. Qa3 a5 30. Qe7 Bxh3 31. Ne5 Be6 32. Kh2 Qe4 33. Rf2
Qxd4 34. Nxf7 Qxf2 35. Nh6+ Kh8 0-1

[Event "SR 3. liga A2 2009/2010"]
[Site "?"]
[Date "2009.10.18"]
[Round "1.5"]
[White "Pericka, Tomas"]
[Black "Zisek, Jaroslav"]
[Result "1/2-1/2"]
[WhiteElo "1910"]
[BlackElo "1890"]
[PlyCount "41"]
[EventDate "2009.??.??"]

1. e4 c5 2. Nf3 d6 3. d4 cxd4 4. Nxd4 Nf6 5. Nc3 a6 6. Be2 Qc7 7. Be3 e6 8. g4
Nc6 9. g5 Nd7 10. f4 Nb6 11. Qd2 Bd7 12. O-O-O Na5 13. f5 Nac4 14. Bxc4 Nxc4
15. Qd3 b5 16. fxe6 fxe6 17. Rhf1 b4 18. Nb1 g6 19. Nd2 Nxe3 20. Qxe3 Bg7 21.
Kb1 $11 1/2-1/2

[Event "SR 3. liga A2 2009/2010"]
[Site "?"]
[Date "2009.10.18"]
[Round "1.6"]
[White "Fidericky, Milan"]
[Black "Jozefek, Michal"]
[Result "1/2-1/2"]
[WhiteElo "1852"]
[BlackElo "1902"]
[PlyCount "81"]
[EventDate "2009.??.??"]

1. d4 Nf6 2. Nc3 g6 3. Nf3 Bg7 4. Bg5 d6 5. e4 O-O 6. Qd2 Nbd7 7. h3 c5 8. d5
a6 9. a4 Qa5 10. Ra3 Qb4 11. Rb3 Qa5 12. Be2 c4 13. Bxc4 Nc5 14. Ra3 Qb4 15.
Bb3 Nfxe4 16. Nxe4 Qxe4+ 17. Kd1 Bxb2 18. Re1 Qf5 19. Nh4 Ne4 20. Nxf5 Nxd2 21.
Nxe7+ Kg7 22. Ra2 Nxb3 23. Rxb2 Nc5 24. a5 Re8 25. Nxc8 Rxe1+ 26. Kxe1 Rxc8 27.
Be3 Rc7 28. Rb4 Kf6 29. Kd2 Ke5 30. c4 Rd7 31. f3 f5 32. g3 Kf6 33. h4 Rc7 34.
Bd4+ Ke7 35. Ke3 Kd7 36. g4 f4+ 37. Kd2 Kc8 38. Bxc5 Rxc5 39. Ra4 Rc7 40. Rb4
Rc5 41. Ra4 1/2-1/2

[Event "SR 3. liga A2 2009/2010"]
[Site "?"]
[Date "2009.10.18"]
[Round "1.7"]
[White "Spacek, Oliver"]
[Black "Lanik, Miroslav"]
[Result "1-0"]
[WhiteElo "1779"]
[BlackElo "1745"]
[PlyCount "61"]
[EventDate "2009.??.??"]

1. d4 d5 2. c4 c6 3. Nf3 Nf6 4. Qc2 e6 5. Bg5 Nbd7 6. e3 Qa5+ 7. Nbd2 Bb4 8.
Bd3 Ne4 9. Bxe4 dxe4 10. Ne5 Nxe5 11. dxe5 Qxe5 12. Bf4 Qa5 13. a3 O-O 14.
O-O-O Bxd2+ 15. Rxd2 e5 16. Bg3 f5 17. Bh4 Be6 18. Be7 Rfe8 19. Bb4 Qb6 20. Bd6
Rad8 21. Rhd1 Qa6 22. Bxe5 Rxd2 23. Qxd2 Qxc4+ 24. Bc3 a5 25. Qd6 Bf7 26. Qg3
Bg6 27. Rd7 Qe6 28. Rxg7+ Kf8 29. Rxh7 Bf7 30. Bg7+ Ke7 31. Qc7+ 1-0

[Event "SR 3. liga A2 2009/2010"]
[Site "?"]
[Date "2009.10.18"]
[Round "1.8"]
[White "Gasa, Patrik"]
[Black "Spacek, Marcel"]
[Result "1-0"]
[WhiteElo "1465"]
[BlackElo "1585"]
[PlyCount "91"]
[EventDate "2009.??.??"]

1. d4 Nf6 2. c4 e6 3. Nc3 Bb4 4. Bd2 O-O 5. Nf3 b6 6. a3 Be7 7. e4 d6 8. Bd3
Bb7 9. O-O Nbd7 10. Re1 c5 11. e5 dxe5 12. dxe5 Ne8 13. Bf4 Nb8 14. Qc2 h6 15.
Rad1 Qc8 16. Be4 Nc6 17. Rd3 Bd8 18. Bh7+ Kh8 19. Nb5 Be7 20. Be4 a6 21. Nc3
Na5 22. Bxb7 Qxb7 23. Nd2 Nc6 24. Ne2 Nc7 25. Rh3 f5 26. exf6 Rxf6 27. Ne4 Rxf4
28. Nxf4 Re8 29. Nh5 Nd4 30. Qd3 e5 31. Qg3 Nce6 32. Qg6 Rf8 33. Ree3 Qd7 34.
Rd3 Bg5 35. Nxg5 Nxg5 36. Qxg5 Qf7 37. Qe3 Qxc4 38. Nxg7 Rf4 39. g3 Nf3+ 40.
Kf1 Re4 41. Qxh6+ Kg8 42. Qh7+ Kf8 43. Qf5+ Kxg7 44. Rh7+ Kg8 45. Qg6+ Kf8 46.
Qf6+ 1-0

[Event "SR 3. liga A2 2009/2010"]
[Site "?"]
[Date "2009.10.18"]
[Round "1.1"]
[White "Cechovic, Stefan"]
[Black "Ambros, Rafael"]
[Result "1-0"]
[WhiteElo "2181"]
[BlackElo "2052"]
[PlyCount "39"]
[EventDate "2009.??.??"]

1. Nf3 c5 2. c4 Nf6 3. d4 cxd4 4. Nxd4 g6 5. Nc3 Bg7 6. e4 d6 7. Be2 O-O 8. O-O
Nc6 9. Rb1 Nxe4 10. Nxc6 Nxc3 11. Nxe7+ Qxe7 12. bxc3 Bxc3 13. Bf3 Rb8 14. Rb5
Be5 15. Ba3 Qc7 16. Rxe5 dxe5 17. Bd6 Qxc4 18. Bxf8 e4 19. Qd6 exf3 20. Bh6 1-0

[Event "SR 3. liga A2 2009/2010"]
[Site "?"]
[Date "2009.10.18"]
[Round "1.2"]
[White "Pribila, Gerhard"]
[Black "Liptak, Tomas"]
[Result "1-0"]
[WhiteElo "2030"]
[BlackElo "2036"]
[PlyCount "83"]
[EventDate "2009.??.??"]

1. e4 c5 2. c3 d5 3. exd5 Qxd5 4. d4 Nc6 5. dxc5 Qxd1+ 6. Kxd1 Nf6 7. h3 Bf5 8.
Be3 Nd5 9. Bc4 Nxe3+ 10. fxe3 e6 11. b4 O-O-O+ 12. Ke1 Ne5 13. Be2 Be7 14. Nf3
Nxf3+ 15. gxf3 Bh4+ 16. Kf1 e5 17. e4 Be6 18. a4 f5 19. exf5 Bxf5 20. Na3 Rhf8
21. Nc4 e4 22. Nd6+ Kb8 23. Kg2 Rf6 24. Rhg1 g5 25. Rad1 exf3+ 26. Bxf3 Bxh3+
27. Kxh3 Rxf3+ 28. Kg4 Rdf8 29. Nb5 a6 30. Nd4 Rxc3 31. Ne6 Rg8 32. Rgf1 Rc4+
33. Rd4 Rxd4+ 34. Nxd4 Re8 35. Rd1 Re4+ 36. Kh5 Bf2 37. Nf5 g4 38. Rd8+ Ka7 39.
Nd6 Rxb4 40. Nc8+ Kb8 41. Nb6+ Kc7 42. Rc8# 1-0

[Event "SR 3. liga A2 2009/2010"]
[Site "?"]
[Date "2009.10.18"]
[Round "1.3"]
[White "Sarmir, Milos"]
[Black "Pribila, Michal"]
[Result "0-1"]
[WhiteElo "2090"]
[BlackElo "2078"]
[PlyCount "104"]
[EventDate "2009.??.??"]

1. e4 c5 2. Nf3 d6 3. d4 cxd4 4. Nxd4 Nf6 5. Nc3 a6 6. a4 e5 7. Nb3 Be6 8. Be2
Be7 9. O-O O-O 10. Be3 Nbd7 11. f3 Qc7 12. Kh1 Rac8 13. Qe1 d5 14. exd5 Nxd5
15. Nxd5 Bxd5 16. Rc1 Rfe8 17. Nd2 f5 18. c4 Be6 19. b3 f4 20. Bg1 Bb4 21. Bd3
Rcd8 22. Rd1 Nf6 23. Qe2 Bxd2 24. Rxd2 Bd7 25. c5 Bc6 26. Rfd1 Kh8 27. Bc4 Rxd2
28. Qxd2 e4 29. fxe4 Nxe4 30. Qb2 Qe7 31. Bd4 f3 32. Kg1 fxg2 33. Re1 Ng5 34.
Bxg7+ Qxg7 35. Rxe8+ Bxe8 36. Qxg7+ Kxg7 37. Kxg2 Bc6+ 38. Kf2 Ne4+ 39. Ke3
Nxc5 40. Kd4 Nd7 41. a5 Kf6 42. Bd3 h5 43. h4 Ne5 44. Be2 Bf3 45. Bf1 Nc6+ 46.
Kc5 Nxa5 47. b4 Nb3+ 48. Kb6 Nd4 49. Kc5 Nf5 50. b5 axb5 51. Bxb5 Nxh4 52. Kd4
Nf5+ 0-1